00000000nam##2200000za#4500
0019.590505
003CaOODSP
00520210624200146
007cr |||||||||||
008150406|1991||||xxc|||||o    f|0| 0 eng|d
040 |aCaOODSP|beng
041 |aeng
041 |afre
043 |an-cn---
0861 |aS52-2/206-PDF
1101 |aCanada. |bPublic Works and Government Services Canada. |bTranslation Bureau.
24510|aAda language vocabulary / |h[electronic resource]|c[by] Noël Lazure.
260 |aOttawa - Ontario : |bPublic Works and Government Services Canada. |cc1991.
300 |a229p.
4901 |aTerminology bulletin|vNo. 206
500 |aDigitized edition from print. [Produced by Publishing and Depository Services, 2014.] Issued by Dept. of Secretary of State, Terminology and Linguistic Services Directorate.
504 |aBibliography.
590 |a14-22-Supp|b2014-12-24
7201 |aLazure, Noël
7760#|tVocabulaire du langage Ada / |w(CaOODSP)9.519425
792 |tVocabulaire du langage Ada / |efre|w(CaOODSP)9.590506
830#0|aTerminology bulletin ;|vNo. 206|w(CaOODSP)9.500139
85640|ahttp://publications.gc.ca|qPDF|s2025 KB|uhttps://publications.gc.ca/collections/collection_2014/tpsgc-pwgsc/S52-2-206.pdf|yNo. 206